[Event "Goodricke op"]
[Site "Calcutta"]
[Date "1997.??.??"]
[Round "10"]
[White "Ehlvest, Jaan"]
[Black "Barua, Dibyendu"]
[Result "1-0"]
[WhiteElo "2635"]
[BlackElo "2535"]

1.d4 d5 2.c4 c6 3.Nf3 Nf6 4.Nc3 dxc4 5.a4 Bf5 6.Ne5 e6 7.f3 Bb4 8.e4 Bxe4
9.fxe4 Nxe4 10.Bd2 Qxd4 11.Nxe4 Qxe4+ 12.Qe2 Bxd2+ 13.Kxd2 Qd5+ 14.Kc2 Na6
15.Nxc4 O-O 16.Qe5 Rfd8 17.Be2 f6 18.Qxd5 cxd5 19.Na5 Rac8+ 20.Kb1 Nc5 21.Rc1 d4
22.Bc4 Kf7 23.b4 b6 24.bxc5 bxa5 25.Ra2 Ke7 26.Ba6 Rc7 27.Rb2 f5 28.Rb7 Kd7
29.Bb5+ Kc8 30.Rxc7+ Kxc7 31.Re1 d3 32.Rd1 d2 33.Kc2 Rd5 34.Rxd2 Rxc5+ 35.Kb3 a6
36.Bxa6 Re5 37.Bb5 g5 38.Rd7+ Kb6 39.Rxh7 g4 40.Kc3 Re1 41.h3 Rg1 42.hxg4 fxg4
43.Kd4 Rxg2 44.Rh6 Rd2+ 45.Bd3 g3 46.Rxe6+ Kc7 47.Rg6 Rb2 48.Bb5 g2 49.Ke3  1-0

[Event "Goodricke op"]
[Site "Calcutta"]
[Date "1997.??.??"]
[Round "11"]
[White "Thipsay, Praveen Mahadeo"]
[Black "Ehlvest, Jaan"]
[Result "1/2-1/2"]
[WhiteElo "2460"]
[BlackElo "2635"]

1.e4 c5 2.Nf3 d6 3.d4 cxd4 4.Nxd4 Nf6 5.Nc3 Nc6 6.Be2 e6 7.O-O Be7 8.Be3 Bd7
9.f4 Nxd4 10.Qxd4 Bc6 11.Bf3 O-O 12.Rad1 Qc7 13.a4 Rfd8 14.Qc4 Rac8 15.Nb5 d5
16.exd5 exd5 17.Bxd5 Nxd5 18.Rxd5 Bxd5 19.Qxc7 Rxc7 20.Nxc7 Bc6 21.Bxa7 Bxa4
22.c4 Bc6 23.Nd5 Bxd5 24.cxd5 Rxd5 25.Rc1 h5 26.Rc8+ Rd8 27.Rxd8+ Bxd8 28.f5 g6  1/2-1/2

[Event "Groningen op"]
[Site "Groningen"]
[Date "1997.??.??"]
[Round "1"]
[White "Florath, Patrick"]
[Black "Ehlvest, Jaan"]
[Result "0-1"]
[WhiteElo "2295"]
[BlackElo "2610"]

1.e4 c5 2.Nf3 e6 3.d4 cxd4 4.Nxd4 Nf6 5.Nc3 d6 6.Be2 Be7 7.O-O Nc6 8.Be3 Bd7
9.f4 Nxd4 10.Bxd4 Bc6 11.Bf3 Qc7 12.Kh1 O-O 13.Qe2 Nd7 14.Rad1 a6 15.Rfe1 Rac8
16.Nd5 Bxd5 17.exd5 e5 18.fxe5 dxe5 19.Bxe5 Nxe5 20.Qxe5 Bd6 21.Qh5 g6 22.Qh6 Qxc2
23.Rd2 Rfe8 24.Red1 Qa4 25.b3 Qb4 26.g3 Qc3 27.Bg2 Re5 28.Qh4 Rh5 29.Qg4 Bxg3
30.Bh3 f5 31.Qxg3 Rxh3 32.Qg2 Qf3 33.Re1 Rc7 34.Rde2 Qxg2+ 35.Kxg2 Rd3 36.Re7 Rxe7
37.Rxe7 Rxd5 38.Rxb7 Rd2+ 39.Kg3 Rxa2 40.h4 Ra5 41.Kf4 Rb5 42.Ra7 Rb6 43.h5 gxh5
44.Kxf5 Rg6 45.Rc7 h4 46.Rc4 h3 47.Rh4 Rg3 48.b4 Kg7 49.Kf4 Rb3 50.Kf5 h6
51.Rg4+ Kh7 52.Rh4 Rf3+ 53.Ke4 Rc3 54.Kf5 Rb3 55.Rh5 a5  0-1

[Event "Groningen op"]
[Site "Groningen"]
[Date "1997.??.??"]
[Round "3"]
[White "Peptan, Corina"]
[Black "Ehlvest, Jaan"]
[Result "1/2-1/2"]
[WhiteElo "2460"]
[BlackElo "2610"]

1.e4 g6 2.d4 Bg7 3.Nf3 d6 4.Nc3 Nf6 5.Be2 O-O 6.O-O Nc6 7.Be3 Ng4 8.Bg5 h6
9.Bh4 Nf6 10.d5 Nb8 11.Nd2 c6 12.Re1 Bd7 13.Nb3 a5 14.a4 Na6 15.dxc6 bxc6
16.e5 dxe5 17.Bxa6 Rxa6 18.Nc5 Ra7 19.Rxe5 Qb8 20.Bxf6 Bxf6 21.Nxd7 Rxd7
22.Qxd7 Bxe5 23.Re1 Bxh2+ 24.Kh1 Bd6 25.Qxc6 Qxb2 26.Nd5 Qd4 27.Kg1 Rb8 28.Ne3 Qe5
29.g3 h5 30.Kf1 Qc5 31.Qxc5 Bxc5 32.Nc4 Rc8 33.Nxa5 Bb4 34.Re5 Rxc2 35.Nb7 e6
36.a5 Ra2 37.Rb5 Bc3 38.Nd6 Bd4 39.f4 h4 40.gxh4 Rf2+ 41.Ke1 Rxf4 42.h5 gxh5
43.Rxh5 Bc3+ 44.Ke2 Ra4 45.Nb7 Bb4 46.Kd3 Be7 47.Rb5 f5 48.Nc5 Bxc5 49.Rxc5 Kf7
50.Kc3 Kf6 51.Kb3 Ra1 52.Kb2 Rd1 53.a6 Rd7 54.Ra5 Ra7 55.Kc3 e5 56.Kd3 Kg5
57.Rxe5 Rxa6 58.Ke2 Kg4 59.Rb5 Ra3 60.Kf2 f4 61.Rb2 Rh3 62.Rb4 Rh2+ 63.Kg1 Re2
64.Kf1 Ra2 65.Rb3 Rh2 66.Ra3  1/2-1/2

[Event "Groningen op"]
[Site "Groningen"]
[Date "1997.??.??"]
[Round "6"]
[White "Ehlvest, Jaan"]
[Black "Conquest, Stuart"]
[Result "1-0"]
[WhiteElo "2610"]
[BlackElo "2500"]

1.e4 d6 2.d4 Nf6 3.Bd3 e5 4.c3 d5 5.dxe5 Nxe4 6.Nf3 Nc6 7.Nbd2 Nc5 8.Bb1 a5
9.O-O Bg4 10.Re1 d4 11.h3 Bh5 12.Qe2 Be7 13.Nb3 d3 14.Qe3 Bxf3 15.gxf3 Ne6
16.Qxd3 a4 17.Nd4 Nexd4 18.cxd4 Qxd4 19.f4 a3 20.Qxd4 Nxd4 21.Be4 O-O 22.Re3 c6
23.bxa3 Rfd8 24.Rb1 Ne6 25.f5 Nc5 26.f6 gxf6 27.Bc2 Kh8 28.Kf1 b5 29.Rf3 Nd7
30.exf6 Bxf6 31.Rb4 Re8 32.Rbf4 Bg7 33.Rh4 Nf6 34.Bb2 Re6 35.Rhf4 Nh5 36.Bxg7+ Nxg7
37.Rxf7 Ree8 38.Rg3 Rg8 39.Rg4 Rad8 40.Rh4  1-0

[Event "Groningen op"]
[Site "Groningen"]
[Date "1997.??.??"]
[Round "8"]
[White "Thipsay, Praveen Mahadeo"]
[Black "Ehlvest, Jaan"]
[Result "0-1"]
[WhiteElo "2515"]
[BlackElo "2610"]

1.e4 e6 2.d4 d5 3.e5 c5 4.c3 Nc6 5.Nf3 Bd7 6.Be2 a6 7.O-O Rc8 8.a3 Nh6 9.Kh1 Nf5
10.b4 cxd4 11.cxd4 Be7 12.Bb2 g5 13.g4 Nh6 14.h3 f6 15.exf6 Bxf6 16.Nbd2 Nf7
17.Nb3 h5 18.Kg2 hxg4 19.hxg4 Ne7 20.Bd3 Ba4 21.Rc1 Nd6 22.Rxc8 Qxc8 23.Bc2 Bxb3
24.Bxb3 Ng6 25.Bc1 Ne4 26.Rh1 Kf7 27.Rxh8 Qxh8 28.Be3 Nh4+ 29.Nxh4 Qxh4 30.Bc2 Nd6
31.Bd3 b5 32.f3 Qh8 33.Qc1 Nc4 34.Bxg5 Bxg5 35.Qxg5  0-1

[Event "Groningen op"]
[Site "Groningen"]
[Date "1997.??.??"]
[Round "9"]
[White "Ehlvest, Jaan"]
[Black "Nenashev, Alexander"]
[Result "1/2-1/2"]
[WhiteElo "2610"]
[BlackElo "2585"]

1.e4 e5 2.Nf3 Nc6 3.d4 exd4 4.Nxd4 Bc5 5.Nb3 Bb6 6.a4 Qh4 7.Qe2 Nf6 8.a5 Nd4
9.Nxd4 Bxd4 10.Ra4 c5 11.c3 Be5 12.Nd2 Qh6 13.Nb3 Qg6 14.f4 Bc7 15.Nxc5 O-O
16.f5 Qg4 17.Qxg4 Nxg4 18.Be2 Nf6 19.Bg5 d6 20.Nb3 Bd7 21.Rd4 Rfe8 22.Bxf6 gxf6
23.Kd2 Bc6 24.Bf3  1/2-1/2

[Event "Groningen op"]
[Site "Groningen"]
[Date "1997.??.??"]
[Round "10"]
[White "Borge, Nikolaj"]
[Black "Ehlvest, Jaan"]
[Result "0-1"]
[WhiteElo "2360"]
[BlackElo "2610"]

1.e4 c5 2.Nf3 d6 3.d4 cxd4 4.Nxd4 Nf6 5.Nc3 a6 6.Be3 e5 7.Nb3 Be6 8.f3 Nbd7
9.g4 Be7 10.Qd2 Rc8 11.O-O-O O-O 12.Qf2 Bxg4 13.fxg4 Nxg4 14.Qg3 Nxe3 15.Rg1 Bg5
16.Qxg5 Qxg5 17.Rxg5 Nxd1 18.Kxd1 Nf6 19.Rf5 Rxc3 20.bxc3 Nxe4 21.Rf3 Rc8
22.c4 g6 23.Nd2 Nc5 24.Rf6 Rd8 25.Bg2 Kg7 26.Rf1 f5 27.Bd5 b5 28.Ke2 b4 29.a3 Rb8
30.axb4 Rxb4 31.Ra1 Rb2 32.Kd1 e4 33.h4 Kf6 34.Ra3 Rb4 35.Rg3 a5 36.h5 g5
37.h6 a4 38.Kc1 Kg6 39.Rh3 g4 40.Rh1 a3 41.Nb3 Nxb3+ 42.cxb3 Rxb3 43.Kc2 Rh3
44.Rf1 Rf3  0-1

[Event "Heart of Finland op"]
[Site "?"]
[Date "1997.??.??"]
[Round "3"]
[White "Ehlvest, Jaan"]
[Black "Manninen, Marko"]
[Result "1-0"]
[WhiteElo "2635"]
[BlackElo "2380"]

1.d4 d5 2.c4 c6 3.Nc3 dxc4 4.Nf3 Nf6 5.a4 Bf5 6.Ne5 e6 7.f3 Bb4 8.e4 Bxe4
9.fxe4 Nxe4 10.Bd2 Qxd4 11.Nxe4 Qxe4+ 12.Qe2 Bxd2+ 13.Kxd2 Qd5+ 14.Kc3 O-O
15.Qe3 b5 16.Be2 Nd7 17.Nxd7 Qxd7 18.Qc5 a6 19.Rhd1 Qc7 20.Bf3 Rab8 21.h4 Rfd8
22.Kc2 h6 23.h5 Qf4 24.Rxd8+ Rxd8 25.Rd1 Rxd1 26.Kxd1 c3 27.Qxc3 Qxa4+ 28.Ke2 Qf4
29.Bxc6 b4 30.Qc5 e5 31.Bd5 e4 32.Qc8+ Kh7 33.Qd7 e3 34.Qxf7 Qxf7 35.Bxf7 a5
36.b3  1-0

[Event "Heart of Finland op"]
[Site "?"]
[Date "1997.??.??"]
[Round "4"]
[White "Koskinen, Henri"]
[Black "Ehlvest, Jaan"]
[Result "0-1"]
[WhiteElo "2290"]
[BlackElo "2635"]

1.d4 g6 2.Nf3 Bg7 3.g3 c5 4.Bg2 cxd4 5.Nxd4 Nc6 6.Nb3 d6 7.O-O Be6 8.Nc3 Bxc3
9.bxc3 Qd7 10.c4 Bh3 11.Bb2 f6 12.Qd5 Bxg2 13.Kxg2 Rc8 14.c5 Nb4 15.Qe4 dxc5
16.Nxc5 Rxc5 17.Qxb4 Qc6+ 18.Kg1 h5 19.f3 Rb5 20.Qd4 e5 21.Qc3 Qb6+ 22.Kh1 Rxb2
23.Qc8+ Qd8 24.Qe6+ Qe7 25.Qc8+ Qd8 26.Qe6+ Ne7 27.Qxf6 Rf8 28.Qxe5 Rb6 29.Rad1 Qc8
30.Rd2 Kf7 31.Rfd1 Qf5 32.Qc3 Rc8 33.Qe3 Re6 34.Qh6 Rxe2 35.Qh7+ Kf6 36.Rxe2 Qxf3+
37.Kg1 Qxe2 38.Rd6+ Kg5 39.h4+ Kg4 40.Rxg6+ Kh3  0-1

[Event "Heart of Finland op"]
[Site "?"]
[Date "1997.??.??"]
[Round "5"]
[White "Ehlvest, Jaan"]
[Black "Rytshagov, Mikhail"]
[Result "1-0"]
[WhiteElo "2635"]
[BlackElo "2485"]

1.Nf3 Nf6 2.c4 c5 3.d4 cxd4 4.Nxd4 Nc6 5.Nc3 e6 6.g3 Qb6 7.Ndb5 Ne5 8.Bg2 a6
9.Qa4 Rb8 10.Be3 Bc5 11.Bxc5 Qxc5 12.Qa3 b6 13.Nd6+ Ke7 14.Qxc5 bxc5 15.Nxc8+ Rhxc8
16.b3 d5 17.cxd5 c4 18.b4 Rxb4 19.dxe6 fxe6 20.h3 Rd8 21.Rd1 Ned7 22.Rd2 Nb6
23.Rxd8 Kxd8 24.Kd2 Nfd5 25.Rb1 a5 26.Be4 h6 27.Bc2 Ke7 28.Nxd5+ Nxd5 29.e4 Nb6
30.Ra1 g5 31.a3 Rb5 32.Kc3 e5 33.Rh1 Kd6 34.h4 g4 35.h5 Nd7 36.Rd1+ Ke6 37.Rxd7  1-0

[Event "Keres mem rapid"]
[Site "Kalev"]
[Date "1997.??.??"]
[Round "3"]
[White "Ehlvest, Jaan"]
[Black "Krivonosov, Oleg"]
[Result "1-0"]
[WhiteElo "2635"]
[BlackElo "2420"]

1.d4 d5 2.c4 e6 3.Nf3 Nf6 4.Nc3 Be7 5.Qc2 Nc6 6.cxd5 Nxd5 7.a3 Nf6 8.e4 a6
9.e5 Nd5 10.Bd3 f5 11.exf6 Nxf6 12.Be3 O-O 13.Rd1 Bd7 14.O-O Be8 15.Ng5 Qd6
16.Bxh7+ Kh8 17.Nce4 Qd5 18.Nxf6 gxf6 19.Be4 Qd6 20.d5  1-0

[Event "Keres mem rapid"]
[Site "Kalev"]
[Date "1997.??.??"]
[Round "4"]
[White "Gavrikov, Viktor"]
[Black "Ehlvest, Jaan"]
[Result "1-0"]
[WhiteElo "2590"]
[BlackElo "2635"]

1.d4 e6 2.Nf3 Nf6 3.c4 d5 4.Nc3 c6 5.cxd5 exd5 6.Qc2 Na6 7.Bg5 Nb4 8.Qb1 g6
9.Qd1 Be7 10.e3 a5 11.a3 Na6 12.Bd3 Nc7 13.O-O Bg4 14.h3 Bxf3 15.Qxf3 Ne6
16.Bh4 Nh5 17.Bxe7 Qxe7 18.Qd1 O-O 19.Rb1 f5 20.Re1 Nf6 21.b4 axb4 22.axb4 Ne4
23.Qc2 b5 24.Nxe4 fxe4 25.Be2 Ra6 26.Rf1 Ng5 27.Ra1 Rfa8 28.Rxa6 Rxa6 29.Qc3 Kg7
30.Bg4 Qd6 31.h4 Nf7 32.Rc1 Qd8 33.g3 Nd6 34.Ra1 Rxa1+ 35.Qxa1 Qc7 36.Qa8 Nf7
37.Qe8 Nd8 38.Bd7 Nf7 39.Bxc6 Qd6 40.Bxb5 Qxb4 41.Qd7 Qb3 42.Kg2 Kf6 43.Ba6 h5
44.Qc6+ Kg7 45.Qb7 Qa2 46.Qb5 Qa1 47.Bb7 Qd1 48.Bxd5 Qf3+ 49.Kg1  1-0

[Event "Keres mem rapid"]
[Site "Kalev"]
[Date "1997.??.??"]
[Round "8"]
[White "Malisauskas, Vidmantas"]
[Black "Ehlvest, Jaan"]
[Result "1/2-1/2"]
[WhiteElo "2530"]
[BlackElo "2635"]

1.e4 e6 2.d4 d5 3.exd5 exd5 4.Nf3 Bg4 5.h3 Bh5 6.Qe2+ Qe7 7.Be3 Nd7 8.Nc3 c6
9.O-O-O O-O-O 10.g4 Bg6 11.Bg2 Ngf6 12.Nh4 Ne8 13.Nxg6 hxg6 14.Bf4 Qxe2 15.Nxe2 Bd6
16.Bd2 Nc7 17.Nf4 g5 18.Nd3 Ne6 19.c3 Ndf8 20.h4 Ng6 21.hxg5 Ngf4 22.Nxf4 Bxf4
23.Rxh8 Rxh8 24.Rh1  1/2-1/2

[Event "US-op"]
[Site "Las Vegas"]
[Date "1997.??.??"]
[Round "1"]
[White "Steigman, AJ."]
[Black "Ehlvest, Jaan"]
[Result "0-1"]
[WhiteElo "2140"]
[BlackElo "2695"]

1.e4 c5 2.Nc3 Nc6 3.g3 g6 4.Bg2 Bg7 5.d3 d6 6.Nge2 Rb8 7.Bg5 b5 8.Qd2 b4
9.Nd1 h6 10.Be3 e5 11.O-O Nf6 12.h3 Nd4 13.f4 Nh5 14.Nxd4 cxd4 15.Bf2 exf4
16.g4 Ng3 17.Bxg3 fxg3 18.Qf4 Be6 19.Qxg3 Rc8 20.Qf2 h5 21.Bf3 Rc5 22.gxh5 Rg5+
23.Bg2 Rhxh5 24.Kh1 Be5 25.c3 Rxg2 26.Qxg2 Bxh3 27.Qf3 Bg4+  0-1

[Event "US-op"]
[Site "Las Vegas"]
[Date "1997.??.??"]
[Round "2"]
[White "Ehlvest, Jaan"]
[Black "Weinberger, Tibor"]
[Result "1-0"]
[WhiteElo "2695"]
[BlackElo "2290"]

1.d4 f5 2.Bg5 Nf6 3.Nd2 d5 4.e3 e6 5.Bd3 Be7 6.c4 c6 7.Ne2 O-O 8.O-O Ne4
9.Bxe7 Qxe7 10.f3 Nd6 11.e4 f4 12.Qb3 Nd7 13.cxd5 cxd5 14.Qa3 Nb8 15.e5 Nf5
16.Bxf5 Qxa3 17.Bxe6+ Bxe6 18.bxa3 Nc6 19.Nb3 b6 20.Rac1 Rac8 21.Kf2 a5 22.Nc3 Na7
23.Na4 Rb8 24.Rc7 Rf7 25.Rfc1 Rxc7 26.Rxc7 Nc8 27.Nc1 Kf8 28.Ne2 g5 29.h4 h6
30.Rh7  1-0

[Event "US-op"]
[Site "Las Vegas"]
[Date "1997.??.??"]
[Round "5"]
[White "Psakhis, Lev"]
[Black "Ehlvest, Jaan"]
[Result "1/2-1/2"]
[WhiteElo "2605"]
[BlackElo "2695"]

1.d4 g6 2.e4 Bg7 3.c4 d6 4.Nc3 e5 5.Nf3 exd4 6.Nxd4 Nc6 7.Be3 Nge7 8.Be2 O-O
9.O-O f5 10.Qd2 Nxd4 11.Bxd4 f4 12.Bxg7 Kxg7 13.Nd5 g5 14.Qc3+ Kh6 15.Rfd1 Be6
16.e5 Bxd5 17.cxd5 dxe5 18.Qxe5 Qd6 19.Qc3 Ng6 20.Rac1 Rae8 21.Bg4 Re7 22.Qb3 Ne5
23.Qxb7 Kg7 24.Be6 Qb6 25.Qxb6 axb6 26.f3  1/2-1/2

[Event "Pula op"]
[Site "Pula"]
[Date "1997.??.??"]
[Round "2"]
[White "Ehlvest, Jaan"]
[Black "Nikolov, Sasho"]
[Result "1/2-1/2"]
[WhiteElo "2635"]
[BlackElo "2370"]

1.d4 d5 2.c4 e6 3.Nf3 c6 4.Nc3 dxc4 5.a4 Bb4 6.e3 b5 7.Bd2 a5 8.Rb1 Ba6 9.Ne5 Nf6
10.g4 O-O 11.Bg2 Nd5 12.O-O Ra7 13.f4 f6 14.Nxc6 Nxc6 15.axb5 Nxd4 16.exd4 Bb7
17.Qe2 Re8 18.Qxc4 Nb6 19.Qe2 Bxg2 20.Kxg2 Rd7 21.Rbd1 Rxd4 22.Be3 Rxd1 23.Rxd1 Qc7
24.Bxb6 Qxb6 25.Rd7 Bxc3 26.bxc3 a4 27.g5 Rf8 28.f5 e5 29.g6 Kh8 30.c4 a3
31.h4 Qa5 32.Qa2 Ra8 33.c5 Qa4 34.Qd5 Qg4+ 35.Kh2 Qxh4+ 36.Kg2 Qg4+ 37.Kh2 Qh4+
38.Kg2 Qg4+  1/2-1/2

[Event "Pula op"]
[Site "Pula"]
[Date "1997.??.??"]
[Round "3"]
[White "Sprecic, Mustafa"]
[Black "Ehlvest, Jaan"]
[Result "0-1"]
[WhiteElo "2330"]
[BlackElo "2635"]

1.d4 g6 2.g3 Bg7 3.Bg2 c5 4.d5 d6 5.h4 Nf6 6.Nc3 Nbd7 7.Nh3 h6 8.Nf4 Ne5
9.Nd3 Nfg4 10.h5 g5 11.f4 Nc4 12.e4 Qa5 13.Ke2 Bd4 14.f5 Nge3 15.Bxe3 Nxe3
16.Qd2 Nc4 17.Qc1 Nxb2 18.Nd1 Nxd3 19.cxd3 b5 20.Ne3 f6 21.Ng4 Bd7 22.a3 b4
23.Rb1 Qxa3 24.Qxa3 bxa3 25.Rb3 a2 26.Ra3 a1=Q 27.Rhxa1 Bxa1 28.Rxa1 Kf7
29.Kd2 Kg7 30.Ne3 Rhb8 31.Kc3 Rb4 32.Nc4 Bb5 33.Na3 Ra4 34.Bf3 Rb8 35.Bd1 Ra5
36.g4 Ba6 37.Bc2 Kf8 38.Bd1 Ke8 39.Bc2 Kd8 40.Bd1 Rb6 41.Bc2 Bb5 42.Ra2 Kc8
43.Ra1 Kb8 44.Ra2 Rba6 45.Kb2 c4 46.d4 c3+ 47.Kb3 Be2  0-1

[Event "EU-chT (Men)"]
[Site "Pula"]
[Date "1997.??.??"]
[Round "3"]
[White "Svidler, Peter"]
[Black "Ehlvest, Jaan"]
[Result "1/2-1/2"]
[WhiteElo "2640"]
[BlackElo "2635"]

1.e4 c5 2.Nf3 e6 3.d4 cxd4 4.Nxd4 a6 5.Nc3 b5 6.Bd3 Qb6 7.Nb3 Qc7 8.a4 b4
9.Ne2 Bb7 10.Ned4 Nf6 11.Qe2 Nc6 12.Nxc6 Bxc6 13.e5 Ng8 14.O-O Ne7 15.Bg5 Ng6
16.Rfe1 Bb7 17.Rad1 h6 18.Bd2 Be7 19.Qg4 h5 20.Qc4 Rc8 21.Qxc7 Rxc7 22.Rc1 Nh4
23.f3 g5 24.Na5 Bd5 25.Be4 Bc5+ 26.Kf1 g4 27.Bxd5 exd5 28.f4 Nf5 29.Nb3 Ba7
30.Re2 g3 31.h3 O-O 32.Bxb4 Rb8 33.Bd6 Nxd6 34.exd6 Rc4 35.Rd1 Rxf4+ 36.Ke1 Bf2+
37.Kd2 Rb6 38.Re5 Rxd6 39.Rxh5 Rxa4 40.Ra1 Rxa1 41.Nxa1 Kg7 42.Nb3 Kg6 43.Rh4 f5
44.Nd4 Bxd4 45.Rxd4 Kf6 46.Ke3 Ke5 47.Rd2 Rb6  1/2-1/2

[Event "Pula op"]
[Site "Pula"]
[Date "1997.??.??"]
[Round "4"]
[White "Ehlvest, Jaan"]
[Black "Golubovic, Boris"]
[Result "1/2-1/2"]
[WhiteElo "2635"]
[BlackElo "2450"]

1.Nf3 d5 2.d4 c6 3.c4 Nf6 4.e3 Bf5 5.Nc3 e6 6.Nh4 Bg4 7.Qb3 Qb6 8.h3 Bh5
9.g4 Bg6 10.Nxg6 hxg6 11.g5 Nfd7 12.Bd2 Be7 13.f4 Na6 14.cxd5 exd5 15.Qc2 Nb4
16.Qa4 a5 17.a3 Na6 18.Qc2 Nc7 19.Rc1 Ne6 20.Be2 Ndf8 21.h4 Bd6 22.Bg4 Qc7
23.Kf2 Qe7 24.Rce1 f5 25.Bf3 Nc7 26.Na4 Nd7 27.h5 Qe6 28.hxg6 Ke7 29.Nc3 Qxg6
30.Ne2 Qf7 31.Rxh8 Rxh8 32.Bxa5 g6 33.Rh1 Rxh1 34.Bxh1 Qh7 35.Bg2 Ne6 36.Ng1 Qh8
37.Nf3 Qa8 38.Bc3 Nb6 39.Bf1 Qa4 40.Qc1 Nc4 41.Bxc4 dxc4 42.Kg3 Ng7 43.Bb4 Bxb4
44.axb4 Ne8 45.Qh1 Qxb4 46.Ne5 Kd8 47.Kf3 Qb3 48.Qh7 Qd1+ 49.Kf2 Qd2+ 50.Kf3 Qd1+  1/2-1/2

[Event "EU-chT (Men)"]
[Site "Pula"]
[Date "1997.??.??"]
[Round "6"]
[White "Ehlvest, Jaan"]
[Black "Chernin, Alexander"]
[Result "1/2-1/2"]
[WhiteElo "2635"]
[BlackElo "2635"]

1.e4 e6 2.d4 d5 3.Nd2 c5 4.Ngf3 cxd4 5.Nxd4 Nc6 6.Bb5 Bd7 7.Nxc6 Bxc6 8.Bxc6+ bxc6
9.c4 Qa5 10.Qc2 Qa6 11.Rb1 Bb4 12.exd5 cxd5 13.O-O Nf6 14.b3 O-O 15.Qb2 Rac8  1/2-1/2

[Event "Pula op"]
[Site "Pula"]
[Date "1997.??.??"]
[Round "7"]
[White "Bubalovic, Davorin"]
[Black "Ehlvest, Jaan"]
[Result "0-1"]
[WhiteElo "2350"]
[BlackElo "2635"]

1.e4 c5 2.Nf3 e6 3.d4 cxd4 4.Nxd4 a6 5.Nc3 d6 6.Be3 Nf6 7.f4 b5 8.a3 Bb7
9.Qf3 Nbd7 10.Nb3 Rc8 11.Bd3 g6 12.O-O Bg7 13.Rae1 O-O 14.Kh1 Nc5 15.Bd4 Nxb3
16.cxb3 e5 17.Be3 exf4 18.Bxf4 Nh5 19.Bd2 Qh4 20.Qf2 Qxf2 21.Rxf2 Nf6 22.Ref1 Nd7
23.b4 Ne5 24.Be2 Nc4 25.Bxc4 Rxc4 26.Re2 Be5 27.Re3 f5 28.exf5 Rg4 29.Re2 Rh4
30.Rxe5 dxe5 31.f6 Kf7 32.Kg1 Ke6 33.g3 Rg4 34.Be3 Rxf6 35.Rd1 h5 36.Bc5 h4
37.Rd3 hxg3 38.hxg3 Rg5 39.Nd1 Rf7 40.Rd6+ Kf5 41.Rd3 Ke6 42.Rd6+ Kf5 43.Rd3 e4
44.Rc3 Ke6 45.Nf2 Rf3 46.g4 Rd5 47.Be3 Rd8 48.Kf1 Rc8 49.Rxc8 Bxc8 50.Ke2 Kd5
51.g5 Bf5 52.b3 Be6 53.a4 Rg3 54.axb5 axb5 55.Kd2 Ke5 56.Nh1 Rf3 57.Nf2 Kf5  0-1

[Event "EU-chT (Men)"]
[Site "Pula"]
[Date "1997.??.??"]
[Round "7"]
[White "Azmaiparashvili, Zurab"]
[Black "Ehlvest, Jaan"]
[Result "1-0"]
[WhiteElo "2650"]
[BlackElo "2635"]

1.d4 Nf6 2.c4 g6 3.Nc3 Bg7 4.e4 d6 5.Bd3 c5 6.d5 e6 7.h3 Na6 8.Nf3 Nc7 9.Bg5 h6
10.Be3 exd5 11.exd5 b5 12.Qd2 bxc4 13.Bxc4 g5 14.h4 g4 15.Ng1 Nd7 16.Nge2 Ne5
17.b3 Rb8 18.Ng3 Bf6 19.Rc1 Bxh4 20.Nce4 Bxg3 21.Bg5  1-0

[Event "Keres Rapid"]
[Site "Tallinn"]
[Date "1998.01.10"]
[Round "5"]
[White "Ehlvest, Jaan"]
[Black "Xie Jun"]
[Result "0-1"]
[WhiteElo "2610"]
[BlackElo "2485"]

1.d4 Nf6 2.c4 g6 3.Nc3 Bg7 4.e4 d6 5.Bd3 O-O 6.Nge2 Nc6 7.O-O Nd7 8.Be3 e5
9.d5 Nd4 10.Nb5 Nxb5 11.cxb5 f5 12.f3 Nf6 13.Kh1 Bd7 14.Qc2 fxe4 15.fxe4 Ng4
16.Bg1 Rc8 17.Rxf8+ Bxf8 18.Nc3 Bh6 19.Be2 Ne3 20.Qd3 Qg5 21.Bf3 Rf8 22.Qe2 Ng4
23.Rf1 Qh4 24.g3 Qg5 25.Bg2 Rxf1 26.Bxf1 Qc1 27.Bh3 Nf2+ 28.Qxf2 Bxh3 29.a4 b6
30.Qf3 Qf1 31.Qxf1 Bxf1 32.Bf2 Bd3 33.Kg2 Bc1 34.Kf3 Bxb2 35.Be1 Bc2  0-1

[Event "Keres Rapid"]
[Site "Tallinn"]
[Date "1998.01.11"]
[Round "7"]
[White "Ehlvest, Jaan"]
[Black "Krivonosov, Oleg"]
[Result "1/2-1/2"]
[WhiteElo "2610"]
[BlackElo "2435"]

1.e4 e5 2.Nf3 Nc6 3.Bb5 a6 4.Ba4 Nf6 5.O-O Be7 6.Re1 b5 7.Bb3 d6 8.c3 O-O
9.h3 Nb8 10.d4 Nbd7 11.Nbd2 Bb7 12.Bc2 Re8 13.a4 Bf8 14.Bd3 c6 15.b3 g6 16.Bb2 Qb6
17.Qc2 Nh5 18.Bf1 exd4 19.cxd4 d5 20.e5 Nf4 21.Nh2 Ne6 22.Ndf3 c5 23.axb5 axb5
24.dxc5 Bxc5 25.Qd2 Rxa1 26.Rxa1 Ra8 27.Rxa8+ Bxa8 28.b4 Be7 29.Ng4 Bb7 30.Nd4 Bg5
31.Qd1 h5 32.Nh2 Nxe5 33.Nxe6 Qxe6 34.Bxe5  1/2-1/2

[Event "Keres Rapid"]
[Site "Tallinn"]
[Date "1998.01.11"]
[Round "8"]
[White "Spassky, Boris V"]
[Black "Ehlvest, Jaan"]
[Result "1/2-1/2"]
[WhiteElo "2535"]
[BlackElo "2610"]

1.e4 g6 2.d4 Bg7 3.c4 d6 4.Nc3 e5 5.Nge2 exd4 6.Nxd4 Ne7 7.Be3 Nbc6 8.Qd2 O-O
9.Nxc6 bxc6 10.Bh6 Bxh6 11.Qxh6 f5 12.f3 fxe4 13.fxe4 Qe8 14.O-O-O Qf7 15.c5 d5
16.Bd3 Be6  1/2-1/2

[Event "Calcutta Goodricke op"]
[Site "Calcutta"]
[Date "1998.02.06"]
[Round "1"]
[White "Ravi, Thandalam Shanmugam"]
[Black "Ehlvest, Jaan"]
[Result "0-1"]
[WhiteElo "2345"]
[BlackElo "2610"]

1.e4 c5 2.c3 d5 3.exd5 Qxd5 4.d4 Nf6 5.Nf3 g6 6.Na3 Bg7 7.Bc4 Qd8 8.Qb3 O-O
9.Ne5 e6 10.dxc5 Qc7 11.Nd3 Nbd7 12.Nb5 Qb8 13.Bf4 e5 14.Bxf7+ Kh8 15.Be3 Ng4
16.Be6 Nxe3 17.fxe3 e4 18.Bxd7 Bxd7 19.Nf2 Qe5 20.O-O b6 21.Rad1 Be6 22.Qc2 Bc4
23.Nd6 Bxf1 24.Rxf1 Qxc5  0-1

[Event "Calcutta Goodricke op"]
[Site "Calcutta"]
[Date "1998.02.09"]
[Round "4"]
[White "Ehlvest, Jaan"]
[Black "Schlosser, Philipp"]
[Result "1/2-1/2"]
[WhiteElo "2610"]
[BlackElo "2515"]

1.e4 c6 2.d4 d5 3.exd5 cxd5 4.c4 Nf6 5.Nc3 e6 6.Nf3 Bb4 7.Bd3 dxc4 8.Bxc4 O-O
9.O-O a6 10.a4 Nc6 11.Bg5 Be7 12.Re1 Bd7 13.Qe2 Re8 14.Bf4 Qa5 15.Red1 Nd5
16.Bd2 Bb4 17.Qd3 Rad8 18.Bb3 Nf6 19.Ba2 Qh5  1/2-1/2

[Event "Calcutta Goodricke op"]
[Site "Calcutta"]
[Date "1998.02.11"]
[Round "6"]
[White "Ehlvest, Jaan"]
[Black "Neelotpal, Das"]
[Result "1-0"]
[WhiteElo "2610"]
[BlackElo "2370"]

1.d4 d5 2.Nf3 Nf6 3.c4 c6 4.e3 e6 5.Bd3 Nbd7 6.O-O Bd6 7.Nc3 O-O 8.e4 dxc4
9.Bxc4 e5 10.h3 Qe7 11.d5 Nb6 12.Bb3 cxd5 13.exd5 e4 14.Re1 h6 15.Nd4 Bb4
16.Nc2 Bxc3 17.bxc3 Rd8 18.c4 Nbd7 19.Nd4 Ne5 20.Bf4 Ng6 21.Bg3 Qc5 22.a4 a6
23.a5 Bd7 24.Nc2 Re8 25.Qd4 Qxd4 26.Nxd4 Rac8 27.Rab1 Rc5 28.Bd6 Rcc8 29.Ba2 Red8
30.Bh2 Rc5 31.Rxb7 Rdc8 32.Rb8 Rxb8 33.Bxb8 Rxa5 34.Bb3 Rc5 35.Ra1 Rc8 36.Bh2 Ne7
37.Bd6 Nf5 38.Nxf5 Bxf5 39.g4 Bd7 40.Rxa6 h5 41.g5 Ne8 42.Bf4 Bxh3 43.Ra7 g6
44.d6 Ng7 45.c5 Ne6 46.d7 Rd8 47.Bxe6 Bxe6 48.c6  1-0

[Event "New York op"]
[Site "New York"]
[Date "1998.03.18"]
[Round "5"]
[White "Anastasian, Ashot"]
[Black "Ehlvest, Jaan"]
[Result "1/2-1/2"]
[WhiteElo "2540"]
[BlackElo "2610"]

1.Nf3 g6 2.d4 Bg7 3.e4 d6 4.Bc4 Nf6 5.Nc3 O-O 6.O-O Nxe4 7.Bxf7+ Rxf7 8.Nxe4 h6
9.Qd3 Bf5 10.Qe3 Nc6 11.c3 e5 12.dxe5 Nxe5 13.Nxe5 Bxe5 14.Ng3 Bg7 15.Nxf5 Rxf5
16.Bd2 Qe8 17.Qd3 Qf7 18.b3 Re8 19.Be3 Rd5 20.Qc2 Qf5 21.Rac1 Qxc2 22.Rxc2 a5
23.c4 Rf5 24.a4 b6 25.Rd1 h5 26.h3 Kh7 27.Rd5 Rf7 28.Rd1  1/2-1/2

[Event "New York op"]
[Site "New York"]
[Date "1998.03.19"]
[Round "6"]
[White "Ehlvest, Jaan"]
[Black "Shaked, Tal"]
[Result "1-0"]
[WhiteElo "2610"]
[BlackElo "2535"]

1.Nf3 c5 2.e4 e6 3.d4 cxd4 4.Nxd4 a6 5.c4 Nf6 6.Nc3 Bb4 7.Bd3 Nc6 8.Ne2 d6
9.O-O Bd7 10.h3 Ne5 11.Bf4 Bc5 12.a3 Ng6 13.Bh2 e5 14.Kh1 O-O 15.f4 exf4
16.Nxf4 Bd4 17.Nfd5 Nxd5 18.exd5 Bxc3 19.bxc3 Ne5 20.Bxe5 dxe5 21.Qh5 f5
22.Bxf5 g6 23.Bxg6 hxg6 24.Qxg6+ Kh8 25.Qh6+ Kg8 26.Rf3 Rxf3 27.gxf3 Kf7
28.Qh7+  1-0

[Event "New York op"]
[Site "New York"]
[Date "1998.03.20"]
[Round "7"]
[White "Blatny, Pavel"]
[Black "Ehlvest, Jaan"]
[Result "0-1"]
[WhiteElo "2560"]
[BlackElo "2610"]

1.Nf3 g6 2.e4 d6 3.d4 Nf6 4.Nc3 Bg7 5.Be2 O-O 6.O-O Nc6 7.h3 e5 8.dxe5 dxe5
9.Be3 b6 10.Bd3 Bb7 11.a3 h6 12.Ne2 Qe7 13.Qc1 Kh7 14.g4 Rad8 15.Ng3 Nd7
16.g5 Nd4 17.Nxd4 exd4 18.gxh6 Bf6 19.Bd2 Bh4 20.Kh2 Nc5 21.Bb4 a5 22.Bxc5 Qxc5
23.b4 Qe7 24.Qe1 axb4 25.axb4 Ra8 26.b5 Kxh6 27.Rxa8 Rxa8 28.Rg1 Kh7 29.Qe2 Re8
30.Qf3 Qf6 31.Nf5 Qxf5 32.exf5 Bxf3 33.fxg6+ Kg7 34.gxf7+ Kxf7 35.Bg6+ Kf8
36.Bxe8 Kxe8 37.Ra1 Ke7 38.Kg1 Bf6 39.Kf1 Kd6 40.Rc1 Bd5 41.Rd1 Kc5 42.Ke2 Be4
43.Rc1  0-1

[Event "New York op"]
[Site "New York"]
[Date "1998.03.21"]
[Round "8"]
[White "Ehlvest, Jaan"]
[Black "Movsesian, Sergei"]
[Result "1/2-1/2"]
[WhiteElo "2610"]
[BlackElo "2595"]

1.e4 c5 2.Nf3 e6 3.d4 cxd4 4.Nxd4 a6 5.c4 Nf6 6.Nc3 Qc7 7.Qe2 d6 8.g4 h6
9.Bg2 g5 10.h4 Rg8 11.hxg5 hxg5 12.Nf3 Nxg4 13.Nxg5 Ne5 14.f4 Nxc4 15.Rh7 Bg7
16.e5 dxe5 17.f5 e4 18.Ncxe4 Qa5+ 19.Kd1 Qd5+ 20.Ke1 Qa5+ 21.Kd1 Qd5+ 22.Ke1  1/2-1/2